<?xml version="1.0" encoding="UTF-8"?><?xml-stylesheet type="text/xsl" href="static/style.xsl"?><OAI-PMH xmlns="http://www.openarchives.org/OAI/2.0/" xmlns:xsi="http://www.w3.org/2001/XMLSchema-instance" xsi:schemaLocation="http://www.openarchives.org/OAI/2.0/ http://www.openarchives.org/OAI/2.0/OAI-PMH.xsd"><responseDate>2026-04-17T03:32:17Z</responseDate><request verb="GetRecord" identifier="oai:www.recercat.cat:10459.1/41504" metadataPrefix="marc">https://recercat.cat/oai/request</request><GetRecord><record><header><identifier>oai:recercat.cat:10459.1/41504</identifier><datestamp>2024-12-05T22:46:35Z</datestamp><setSpec>com_2072_3622</setSpec><setSpec>col_2072_479130</setSpec></header><metadata><record xmlns="http://www.loc.gov/MARC21/slim" xmlns:dcterms="http://purl.org/dc/terms/" xmlns:xsi="http://www.w3.org/2001/XMLSchema-instance" xmlns:doc="http://www.lyncode.com/xoai" xsi:schemaLocation="http://www.loc.gov/MARC21/slim http://www.loc.gov/standards/marcxml/schema/MARC21slim.xsd">
   <leader>00925njm 22002777a 4500</leader>
   <datafield ind2=" " ind1=" " tag="042">
      <subfield code="a">dc</subfield>
   </datafield>
   <datafield ind2=" " ind1=" " tag="720">
      <subfield code="a">Brunet Icart, Ignasi</subfield>
      <subfield code="e">author</subfield>
   </datafield>
   <datafield ind2=" " ind1=" " tag="720">
      <subfield code="a">Morell Blanch, Antonio</subfield>
      <subfield code="e">author</subfield>
   </datafield>
   <datafield ind2=" " ind1=" " tag="260">
      <subfield code="c">2011-06-09T10:31:27Z</subfield>
   </datafield>
   <datafield ind2=" " ind1=" " tag="260">
      <subfield code="c">2011-06-09T10:31:27Z</subfield>
   </datafield>
   <datafield ind2=" " ind1=" " tag="260">
      <subfield code="c">2001</subfield>
   </datafield>
   <datafield ind2=" " ind1=" " tag="520">
      <subfield code="a">Si el observador y el observado forman parte del mismo objeto descrito, la convergencia entre el sujeto cognoscente y el objeto por conocer no puede sustraerse del principio de reflexividad, que propicia una mejor y más profunda solidez del corpus científico generado. La superioridad del principio de reflexividad se fundamenta en la naturaleza autorreferente de los sistemas sociales, esto es, en la capacidad que desarrollan los sistemas para tomar conciencia de sí y delimitarse respecto a un entorno o ambiente. A través de tal delimitación los sistemas acceden a la autoobservación, sin ella los sistemas no son capaces de generar todos los componentes que precisan para sus operaciones, esto es, no son capaces de llevar a cabo sus procesos autopoiéticos.</subfield>
   </datafield>
   <datafield ind2=" " ind1=" " tag="520">
      <subfield code="a">Si observador i observat formen part del mateix objecte descrit, la convergència entre el subjecte i l'objecte no pot ignorar el principi de reflexivitat, que proporciona una solidesa millor del corpus científic generat. La superioritat del principi de reflexivitat es fonamenta en la naturalesa autoreferent dels sistemes socials, és a dir, en la capacitat que desenvolupen els sistemes per tal de prendre consciència d'ells mateixos i delimitar-se respecte a un entorn o ambient. Mitjançant tal delimitació els sistemes accedeixen a l'autoobservació, sense aquesta els sistemes són incapaços de generar tots els components que requereixen per a les seves operacions, és a dir, no són capaços de dur a terme els seus processos autopoiètics.</subfield>
   </datafield>
   <datafield ind2=" " ind1=" " tag="520">
      <subfield code="a">If the observer and the observatet belong to the same described object, the convergence between the subject can't ignore the principle of refleivity that gives a better understanding if the generated scientific corpus. The superiority of the reflexivity principle is based in the self-referential nature of the social systems; in the capacity that the systems develop in order to lose conscience of themselves, and delimit themselves from the surrounding and environment. Through that delimitation the systems gain access to self-observation; without this the system are incapable to generate all the componentes required for their operations, are incapable of performing their autopoietic processes.</subfield>
   </datafield>
   <datafield ind1="8" ind2=" " tag="024">
      <subfield code="a">http://hdl.handle.net/10459.1/41504</subfield>
   </datafield>
   <datafield tag="653" ind2=" " ind1=" ">
      <subfield code="a">Autorreflexividad</subfield>
   </datafield>
   <datafield tag="653" ind2=" " ind1=" ">
      <subfield code="a">Cibernética</subfield>
   </datafield>
   <datafield tag="653" ind2=" " ind1=" ">
      <subfield code="a">Epistemología</subfield>
   </datafield>
   <datafield tag="653" ind2=" " ind1=" ">
      <subfield code="a">Sujeto/objeto</subfield>
   </datafield>
   <datafield tag="653" ind2=" " ind1=" ">
      <subfield code="a">Coneixement, Teoria del</subfield>
   </datafield>
   <datafield tag="653" ind2=" " ind1=" ">
      <subfield code="a">Cibernètica</subfield>
   </datafield>
   <datafield ind2="0" ind1="0" tag="245">
      <subfield code="a">Epistemología y cibernética</subfield>
   </datafield>
</record></metadata></record></GetRecord></OAI-PMH>